00370nam a22001337a 450000500170000000800410001702000240005804000130008208200160009524500740011125000120018526000280019730000110022520260306080341.0260305b |||||||| |||| 00| 0 eng d a9780357730423 (pbk) cPK-LaUMT a612.3bNUT- aNutrition through the life cycle /cby Judith E. Brown . . . [et al.] a8th ed. aMason :bCengage,c2024 a598 p.